书目信息 |
| 题名: |
机电一体化
|
|
| 作者: | 高森 年 编著 ;赵文珍 译 | |
| 分册: | ||
| 出版信息: | 北京 科学出版社 2001.01 |
|
| 页数: | 150页 | |
| 开本: | 26cm | |
| 丛书名: | OHM大学理工系列 | |
| 单 册: | ||
| 中图分类: | TN , TH-39 | |
| 科图分类: | ||
| 主题词: | 机械工业 , 仪表工业 | |
| 电子资源: | ||
| ISBN: | 7-03-008923-5 | |
| 000 | 00730nam0 2200253 45 | |
| 001 | 0253427119 | |
| 005 | 2002110814502711 | |
| 010 | @a7-03-008923-5@dRMB 18.00 | |
| 100 | @a20021108d2001 km y0chiy0120 ea | |
| 101 | 0 | @achi |
| 102 | @aCN@b110000 | |
| 200 | 1 | @a机电一体化@Aji dian yi ti hua@f(日)高森 年编著@F(Ri)Gao Sen Nian Bian Zhu@g赵文珍译@GZhao Wen Zhen Yi |
| 210 | @a北京@c科学出版社@d2001.01 | |
| 215 | @a150页@d26cm | |
| 225 | 2 | @aOHM大学理工系列 |
| 410 | 0 | @12001 @aOHM大学理工系列 |
| 606 | 0 | @a机械工业 |
| 606 | 0 | @a仪表工业 |
| 690 | @aTN@v3 | |
| 690 | @aTH-39@v4 | |
| 701 | 0 | @a高森 年@AGao Sen Nian@4编著 |
| 702 | 0 | @a赵文珍@AZhao Wen Zhen@4译 |
| 801 | 0 | @aCN@bPFT@c20021108 |
| 905 | @a10447@dTH-39@eG174 | |
| 机电一体化/(日)高森 年编著/赵文珍译.-北京:科学出版社,2001.01 |
| 150页;26cm.-(OHM大学理工系列) |
| ISBN 7-03-008923-5:RMB 18.00 |
| ● |
| 相关链接 |
|
|
|
正题名:机电一体化
索取号:TH-39/G174
 
预约/预借
| 序号 | 登录号 | 条形码 | 馆藏地/架位号 | 状态 | 备注 |
| 1 | 368444 | 203684441 | 自科库501/501自科库 30排4列3层/ [索取号:TH-39/G174] | 在馆 | |
| 2 | 368445 | 203684450 | 自科库501/501自科库 30排4列3层/ [索取号:TH-39/G174] | 在馆 | |
| 3 | 368446 | 203684469 | 自科库501/501自科库 30排4列3层/ [索取号:TH-39/G174] | 在馆 |